| 000 | 00490nam a2200217Ia 4500 | ||
|---|---|---|---|
| 005 | 20250425161838.0 | ||
| 008 | 250425s9999 xx 000 0 und d | ||
| 020 | _a9580457425 | ||
| 041 | _aspa | ||
| 082 | _a004.6 | ||
| 245 | 0 | _aNUEVA ERA EN INTERNET | |
| 250 | _a1A ED. | ||
| 260 | _aBARCELONA | ||
| 260 |
_aEspaƱa _bEDITORIAL NORMA _c2000 |
||
| 300 | _a56 | ||
| 650 | _aINTERNET | ||
| 650 | _aINTERNET-DIRECCIONES | ||
| 650 | _aWEBMARKET | ||
| 942 | _c01 | ||
| 010 | _a32169 | ||
| 999 |
_c217331 _d217331 |
||